| 000 | 01366nam a2200265Ia 4500 | ||
|---|---|---|---|
| 999 |
_c5186 _d5186 |
||
| 003 | OSt | ||
| 005 | 20200408181725.0 | ||
| 008 | 191128s2012 ck a gr 000 0 spa d | ||
| 020 | _a9781939186089 | ||
| 040 |
_aCO-JMCR _cCO-JMCR |
||
| 041 | 0 | _aspa | |
| 082 | 0 | 4 |
_a323.042 / _bR627c _221 |
| 100 | 1 |
_aRodríguez Raga, Juan Carlos, _eautor _92870 |
|
| 245 | 1 | 0 |
_aCultura política de la democracia en Colombia y en las Américas, 2012 : _bhacia la igualdad de oportunidades / _cJuan Carlos Rodríguez Raga y Mitchell A. Seligson |
| 260 |
_aBogotá : _bUniversidad de los Andes : Centro Nacional de Consultoría : Universidad Vanderbilt : USAID, _c2012 |
||
| 300 |
_axli, 289 páginas : _bilustraciones a color ; _c28 cm. |
||
| 505 | 0 | _aLa igualdad de oportunidades y la democracia en las Américas -- La igualdad en la participación política de las Américas -- El efecto de la desigualdad de oportunidades y la discriminación en la legitimidad política y la participación. | |
| 650 | 1 | 4 |
_aDemocracia _xinvestigaciones _zColombia _92871 |
| 650 | 1 | 4 |
_aPolítica _xinvestigaciones _zColombia _92872 |
| 650 | 1 | 4 |
_aOportunidades _xinvestigaciones _zColombia _92873 |
| 650 | 1 | 4 |
_aCorrupción _xinvestigaciones _zColombia _92874 |
| 650 | 1 | 4 |
_aPrincipio de igualdad _xinvestigaciones _zColombia _92875 |
| 700 | 1 |
_aSeligson, Mitchell A., _eautor _92876 |
|
| 942 |
_2ddc _cBK |
||